01046nab a22002057a 4500999001500000003000400015005001700019008004100036040000700077100002800084245006900112260007300181300001300254500004100267505026800308505009000576650001300666773014800679942001300827 c5282d5282OSt20250213130126.0190604e xxu||||| |||| 00| 0 spa d cPJ 96343aGabrielli, Enrico13aEl negocio jurídico en el tiempo presente /cEnrico Gabrielli. aCiudad Autónoma de Buenos Aires :bThomson Reuters La Ley, c2025. ap. 16-24 aCita Online: LA LEY AR/DOC/131/2024. aSumario: I. Historia y dogma del negocio jurídico.— II. El negocio jurídico como "acto de autonomía privada".— III. Las críticas y la utilidad persistente de la categoría del negocio jurídico.— IV. El negocio jurídico y una mirada al futuro.  t¿Te interesa el texto completo? Solicitalo al correo: koha@justierradelfuego.gov.ar  aDERECHO 0 0271493171dCiudad Autónoma de Buenos Aires : Thomson Reuters La Ley, 2014-tRevista anales de legislación argentina. Nº 2 - Febrero 2025. 2udccANA